Score 0/12 Timer 01:30
2 Plays Today
% Correct
Defendit numerus
91.2%
Dura mater
90.9%
Divide et impera
88.6%
Dramatis personae
87.5%
Dulce et decorum est
86.9%
Deo gratias
85.4%
De facto
83.4%
Dies irae
79.5%
De jure
79.2%
De profundis
76.8%
Dictatum erat
65.1%
Dictum factum
58.8%

Today's Daily Dose

Remove Ads.
Support Sporcle.
Get the best of Sporcle when you Go Orange. This ad-free experience offers more features, more stats, and more fun while also helping to support Sporcle. Thank you for becoming a member.

You're not logged in!

Compare scores with friends on all Sporcle quizzes.
OR
Log In

Show Comments

Extras

Top Quizzes Today


Score Distribution

Your Account Isn't Verified!

In order to create a playlist on Sporcle, you need to verify the email address you used during registration. Go to your Sporcle Settings to finish the process.

Report this User

Report this user for behavior that violates our Community Guidelines.

Details: